Matrimonios y familias en Córdoba 1700-1850: prácticas y representaciones

Сохранить в:
Библиографические подробности
Главный автор: Ghirardi, M. Mónica (Автор)
Формат:
Язык:испанский
Опубликовано: Córdoba Universidad Nacional de Córdoba 2004
Предметы:
Метки: Добавить метку
Нет меток, Требуется 1-ая метка записи!

MARC

LEADER 00000nam a2200000 a 4500
001 UCK4681
003 CL-VaPUC
008 050617e20040000AG |||||||||||||||||spa|d
020 |a 9503304547 
082 0 4 |a 306.8  |b GHI  |2 21 
100 |a Ghirardi, M. Mónica  |e author  |9 499805 
245 1 0 |a Matrimonios y familias en Córdoba 1700-1850: prácticas y representaciones 
300 |a 653 p 
942 |c BK 
945 |d 20050617 00:00:00  |a cmena 
260 |a Córdoba  |b Universidad Nacional de Córdoba  |c 2004 
650 0 |a Historia de Argentina  |9 319851 
650 0 |a Aspectos sociales  |9 254894 
650 0 |a Emigración e inmigración  |9 257711 
650 0 |a Vida social y costumbres  |9 258725 
650 7 |a ROLES DENTRO DE LA FAMILIA  |2 CL-VaPUC  |9 338181 
650 0 |a Antropología social  |9 306264 
651 0 |a Argentina  |9 254888 
583 |a last modification  |c 20050617 00:00:00  |k Rodrigo Vera 
999 |c 313498  |d 313496 
952 |0 0  |1 0  |4 0  |6 306_800000000000000_GHI_2004  |7 0  |8 A  |9 384883  |a BIBHIS  |b BIBHIS  |d 2019-11-22  |i 4139097  |l 1  |o 306.8 GHI 2004  |p 4139097  |r 2025-01-20  |s 2024-10-22  |w 2019-11-22  |y BK  |k HIS